000
00329 a2200157 4500
001
58188
020
_a
8589655040
040
_c
Anchieta - Pituba
100
_a
Uzel, Marcos
240
1
0
_a
O teatro do bando
_l
por
245
1
0
_a
O teatro do bando
300
_a
293
362
0
_a
2003
650
4
_a
Drama brasileiro
942
_c
BK
999
_c
58188
_d
58188